Thermodynamics (Record no. 5996)

000 -LEADER
fixed length control field 00510nam a2200205 i 4500
001 - CONTROL NUMBER
control field 5996
003 - CONTROL NUMBER IDENTIFIER
control field BD-DhUET
008 - FIXED-LENGTH DATA ELEMENTS--GENERAL INFORMATION
fixed length control field 770308s1978 nyua b 001 0 eng
020 ## - INTERNATIONAL STANDARD BOOK NUMBER
International Standard Book Number 0029789109
040 ## - CATALOGING SOURCE
Original cataloging agency DLC
Transcribing agency DLC
Modifying agency BD-DhUET
082 00 - DEWEY DECIMAL CLASSIFICATION NUMBER
Classification number 621.01
Item number FAI/1970
100 ## - MAIN ENTRY--PERSONAL NAME
Personal name Faires, Virgil Moring
245 10 - TITLE STATEMENT
Title Thermodynamics
250 ## - EDITION STATEMENT
Edition statement 6th ed.
260 ## - PUBLICATION, DISTRIBUTION, ETC. (IMPRINT)
Place of publication, distribution, etc. New York
Name of publisher, distributor, etc. Macmillan
Date of publication, distribution, etc. 1978
300 ## - PHYSICAL DESCRIPTION
Extent xxiii, 647 p.
Other physical details ill.
Dimensions 26 cm.
650 #0 - SUBJECT ADDED ENTRY--TOPICAL TERM
Topical term or geographic name as entry element Thermodynamics
700 ## - ADDED ENTRY--PERSONAL NAME
Personal name Simmang, Clifford M.
942 ## - ADDED ENTRY ELEMENTS (KOHA)
Koha item type General Book
Holdings
Withdrawn status Shelving location Not for loan Piece designation (barcode) Koha date last seen Copy number Location (home branch) Price effective from Damaged status Koha full call number Source of classification or shelving scheme Date acquired Koha normalized classification for sorting Sublocation or collection (holding branch) Koha item type Lost status
 Circulation section 370552014-11-292Central Library, BUET2014-11-29 621.01/FAI/1978 2014-11-29621_010000000000000_FAI_1978Central Library, BUETGeneral Book 
 Circulation section 536292014-11-293Central Library, BUET2014-11-29 621.01FAI/1978 2014-11-29621_000000000000000_01FAI1978Central Library, BUETGeneral Book 
 Reading section 553952015-06-143Central Library, BUET2015-06-14 621.01/FAI/1970 2015-06-14621_010000000000000_FAI_1970Central Library, BUETGeneral Book 
 Reading section 429422015-06-164Central Library, BUET2015-06-16 621.01/FAI/1970 2015-06-16621_010000000000000_FAI_1970Central Library, BUETGeneral Book 
 Reading section 509462015-06-295Central Library, BUET2015-06-29 621.01/FAI/1970 2015-06-29621_010000000000000_FAI_1970Central Library, BUETReading Item